000 00915nam a2200253Ia 4500
003 OSt
005 20220930074111.0
006 a|||||r|||| 00| 0
007 ta
008 220926b |||||||| |||| 00| 0 eng d
024 _a64073
037 _cTheses
040 _aCRL
_cCRL
_beng
041 _2eng
_aeng
100 _aMandal Sandeep Kumar
_9532971
110 _aUniversity of Delhi. Faculty of Medical Sciences. Department of Medicine
245 0 _aMagnitude of non-responsiveness to hepatitis B vaccine in chronic renal failure patients and efficacy of granulocyte macrophage colony stimulating factor (GM-CSF) as vaccine adjuvant.
260 _c2001
650 _aMEDICINE
700 _a Dr. N. P. Singh Gu.
_9525771
700 _aUniversity of Delhi. Faculty of Medical Sciences. Department of Medicine
942 _cDIS
_2CC
999 _c865937
_d865937